[Event "ODEM U25A 2012"]
[Site "Oberhof GER"]
[Date "2012.05.31"]
[Round "7"]
[White "Mann, Johannes"]
[Black "Lansky, Georg"]
[Result "1/2-1/2"]
[Termination "normal"]
[Board "12"]
[WhiteElo "1859"]
[BlackElo "1792"]
[PlyCount "91"]
[WhiteFideId "24691380"]
[BlackFideId "1270625"]
[EventCountry "GER"]
[EventRounds "9"]
[EventType "swiss"]
[EventDate "2012.05.26"]

1. e4 e5 2. Nf3 Nc6 3. Bb5 a6 4. Ba4 Nf6 5. O-O b5 6. Bb3 Be7 7. Re1 O-O 8. c3
d6 9. h3 Na5 10. Bc2 c5 11. d4 cxd4 12. cxd4 Nc6 13. d5 Na5 14. b3 Qc7 15. Bb2
Bd7 16. Nbd2 Rfc8 17. Rc1 Nb7 18. Bd3 Qd8 19. Rxc8 Rxc8 20. b4 a5 21. a3 axb4
22. axb4 Qb6 23. Nb1 g6 24. Nc3 Nh5 25. Qd2 Nf4 26. Bf1 Bf8 27. Ne2 Bh6 28.
Nxf4 Bxf4 29. Qe2 Rc4 30. Ba3 f5 31. Nd2 Rc2 32. Bc1 fxe4 33. Qd1 e3 34. fxe3
Bxe3+ 35. Kh1 Bf5 36. g4 Be4+ 37. Nxe4 Rxc1 38. Qe2 Rxe1 39. Qxe1 Qd4 40. Bg2
Kg7 41. Qf1 Bf4 42. Qxb5 Qd1+ 43. Qf1 Qd4 44. Qb5 Qd1+ 45. Qf1 Qd4 46. Qb5
1/2-1/2

[Event "ODEM U25A 2012"]
[Site "Oberhof GER"]
[Date "2012.05.31"]
[Round "7"]
[White "Peters, Tom"]
[Black "Theurich, Joel"]
[Result "1-0"]
[Termination "normal"]
[Board "13"]
[WhiteElo "1786"]
[BlackElo "1792"]
[PlyCount "51"]
[WhiteFideId "24694444"]
[BlackFideId "12930393"]
[EventCountry "GER"]
[EventRounds "9"]
[EventType "swiss"]
[EventDate "2012.05.26"]

1. e4 e5 2. Nf3 Nc6 3. Bc4 Bc5 4. c3 d6 5. d3 a6 6. Bb3 h6 7. Nbd2 Nf6 8. h3
O-O 9. Nf1 Be6 10. Bc2 Re8 11. Ng3 d5 12. Qe2 Qe7 13. Nh4 dxe4 14. dxe4 Rad8
15. Ngf5 Qd7 16. g4 b5 17. g5 hxg5 18. Bxg5 Bxf5 19. Nxf5 Ne7 20. Rg1 Kf8 21.
Nxg7 Kxg7 22. Qf3 Nf5 23. exf5 Rg8 24. Qg3 Kf8 25. Bh6+ Ke7 26. Qxe5+ 1-0

[Event "ODEM U25A 2012"]
[Site "Oberhof GER"]
[Date "2012.05.31"]
[Round "7"]
[White "Hoffmann, Tim"]
[Black "Bieg, Pascal"]
[Result "1-0"]
[Termination "normal"]
[Board "14"]
[WhiteElo "1945"]
[BlackElo "1776"]
[PlyCount "27"]
[WhiteFideId "12900338"]
[BlackFideId "12915645"]
[EventCountry "GER"]
[EventRounds "9"]
[EventType "swiss"]
[EventDate "2012.05.26"]

1. c4 Nf6 2. Nc3 g6 3. g3 Bg7 4. Bg2 O-O 5. e3 d6 6. Nge2 e5 7. O-O Nc6 8. d4
h5 9. h3 Ne7 10. e4 Nh7 11. dxe5 dxe5 12. Be3 c6 13. Bc5 Re8 14. Qxd8 1-0

[Event "ODEM U25A 2012"]
[Site "Oberhof GER"]
[Date "2012.05.31"]
[Round "7"]
[White "Celmer, Ole"]
[Black "Humburg, Philipp"]
[Result "0-1"]
[Termination "normal"]
[Board "15"]
[WhiteElo "1834"]
[BlackElo "1840"]
[PlyCount "182"]
[WhiteFideId "24657107"]
[BlackFideId "24656151"]
[EventCountry "GER"]
[EventRounds "9"]
[EventType "swiss"]
[EventDate "2012.05.26"]

1. e4 c5 2. c3 e5 3. Nf3 Nc6 4. Bc4 Be7 5. O-O Nf6 6. d3 O-O 7. Re1 d6 8. a4
Bg4 9. Nbd2 Qd7 10. Nf1 Rfe8 11. h3 Be6 12. Bb3 h6 13. Ng3 Bf8 14. Bxe6 Qxe6
15. d4 d5 16. exd5 Qxd5 17. dxe5 Qxd1 18. Rxd1 Nxe5 19. Nxe5 Rxe5 20. Bf4 Rd5
21. Re1 Rd3 22. Ne4 Nd5 23. Bh2 Rd8 24. Ng3 c4 25. Nf1 f5 26. Be5 Bc5 27. Rab1
Rd7 28. Ra1 a6 29. Rad1 Nb6 30. Ra1 Kf7 31. Bf4 Nd5 32. Be5 g6 33. Rad1 Nb6 34.
Ra1 R7d5 35. Bf4 h5 36. Be3 Bxe3 37. Nxe3 Ra5 38. g3 Kf6 39. Reb1 g5 40. Rd1
Rxa4 41. Rab1 f4 42. gxf4 gxf4 43. Ng2 Rxd1+ 44. Rxd1 Kg5 45. h4+ Kf5 46. Rd4
Ra1+ 47. Kh2 Rb1 48. Rxf4+ Ke5 49. Rf7 Rxb2 50. Rxb7 Na4 51. Rc7 Nxc3 52. Rxc4
Nd5 53. Kg3 Rb3+ 54. f3 Rb8 55. Ra4 Ra8 56. Ne1 a5 57. Nd3+ Kf5 58. f4 Nc3 59.
Ra3 Ne2+ 60. Kf3 Nd4+ 61. Kg3 Rg8+ 62. Kf2 Ra8 63. Ra4 Nb5 64. Kf3 Kf6 65. Ne5
Nc3 66. Ra3 Nb5 67. Ra4 Nc3 68. Ra3 Nd5 69. Ra4 Nb6 70. Ra3 a4 71. Nd3 Nc4 72.
Ra2 a3 73. Nb4 Kf5 74. Rc2 Nd6 75. Rc5+ Ke6 76. Rxh5 a2 77. Nxa2 Rxa2 78. Re5+
Kf6 79. Re2 Ra1 80. Rh2 Kf5 81. Re2 Nf7 82. Rb2 Ra3+ 83. Kg2 Kg4 84. Rf2 Nh6
85. Kf1 Nf5 86. Rg2+ Ng3+ 87. Kg1 Kxf4 88. Rf2+ Kg4 89. Rf8 Ra2 90. Rg8+ Kh3
91. h5 Rg2# 0-1

[Event "ODEM U25A 2012"]
[Site "Oberhof GER"]
[Date "2012.05.31"]
[Round "7"]
[White "Berger, Manuel"]
[Black "Bosse, Lea"]
[Result "1-0"]
[Termination "normal"]
[Board "16"]
[WhiteElo "1888"]
[BlackElo "1631"]
[PlyCount "111"]
[WhiteFideId "24692506"]
[BlackFideId "12900419"]
[EventCountry "GER"]
[EventRounds "9"]
[EventType "swiss"]
[EventDate "2012.05.26"]

1. e4 e6 2. d4 d5 3. exd5 exd5 4. Qf3 Bd6 5. Bd3 Nc6 6. c3 Nge7 7. Ne2 O-O 8.
O-O Ng6 9. Bf4 Nce7 10. Nd2 Nh4 11. Bxh7+ Kxh7 12. Qh5+ Kg8 13. Qxh4 Ng6 14.
Qxd8 Rxd8 15. Bxd6 Rxd6 16. Rfe1 Bd7 17. Ng3 Bb5 18. Re3 Kf8 19. b3 Nf4 20. Rf3
Ne2+ 21. Nxe2 Bxe2 22. Re3 Re8 23. Rxe8+ Kxe8 24. Re1 Re6 25. f3 Kd7 26. Kf2
Bd3 27. Rxe6 Kxe6 28. Ke3 Bh7 29. Kf4 f6 30. h4 Bd3 31. g4 c6 32. Ke3 Bh7 33.
f4 g6 34. Nf3 Bg8 35. Ne1 b6 36. Nd3 Bf7 37. Nc1 Be8 38. Ne2 Bd7 39. Ng3 Kf7
40. f5 gxf5 41. gxf5 Kg7 42. Kf4 Kh6 43. Kg4 Bc8 44. Nh5 Bxf5+ 45. Kxf5 Kxh5
46. Kxf6 Kxh4 47. Ke6 Kg4 48. Kd6 Kf4 49. Kxc6 Ke4 50. Kd6 a6 51. a4 b5 52.
axb5 axb5 53. Kc5 Kd3 54. Kxb5 Kxc3 55. Kc5 Kxb3 56. Kxd5 1-0

[Event "ODEM U25A 2012"]
[Site "Oberhof GER"]
[Date "2012.05.31"]
[Round "7"]
[White "Häusler, Yannick"]
[Black "Valet, Alexander"]
[Result "0-1"]
[Termination "normal"]
[Board "17"]
[WhiteElo "1900"]
[BlackElo "1910"]
[PlyCount "56"]
[WhiteFideId "12935891"]
[BlackFideId "24682560"]
[EventCountry "GER"]
[EventRounds "9"]
[EventType "swiss"]
[EventDate "2012.05.26"]

1. e4 d5 2. exd5 Qxd5 3. Nc3 Qa5 4. Bc4 Bf5 5. d4 e6 6. Bd2 c6 7. Qe2 Ne7 8.
O-O-O Qc7 9. g4 Bg6 10. h4 h5 11. f3 Nd7 12. Qf2 Nb6 13. Bb3 O-O-O 14. Nh3 Ned5
15. Nxd5 Nxd5 16. Bxd5 cxd5 17. Bf4 Bd6 18. Qd2 Kb8 19. Bxd6 Rxd6 20. Nf4 Bxc2
21. Ne2 Bxd1+ 22. Kxd1 hxg4 23. fxg4 Rc6 24. Nc3 Qg3 25. Kc1 Qxg4 26. Qh2+ Ka8
27. Qe5 a6 28. Rf1 f6 0-1

[Event "ODEM U25A 2012"]
[Site "Oberhof GER"]
[Date "2012.05.31"]
[Round "7"]
[White "Usczeck, Lukas"]
[Black "Schirra, Felix"]
[Result "1-0"]
[Termination "normal"]
[Board "18"]
[WhiteElo "1766"]
[BlackElo "1636"]
[PlyCount "94"]
[WhiteFideId "12937827"]
[BlackFideId "24692662"]
[EventCountry "GER"]
[EventRounds "9"]
[EventType "swiss"]
[EventDate "2012.05.26"]

1. c4 Nf6 2. g3 e5 3. Bg2 Nc6 4. Nc3 Be7 5. e4 d6 6. d3 Be6 7. Nge2 h6 8. Qa4
Qd7 9. Nd5 g5 10. b4 Bg4 11. Nec3 Nxd5 12. Nxd5 O-O 13. f3 Be6 14. g4 Bxd5 15.
cxd5 Nb8 16. b5 a6 17. Rb1 c6 18. dxc6 bxc6 19. b6 Qb7 20. Bd2 Nd7 21. Ba5 Nc5
22. Qc4 d5 23. Qc2 dxe4 24. dxe4 Rfd8 25. O-O Rac8 26. Rfd1 Rxd1+ 27. Rxd1 Ne6
28. Qe2 Bc5+ 29. Kh1 Nf4 30. Qc4 Bd4 31. Bf1 Rb8 32. Qxa6 Qxa6 33. Bxa6 Bxb6
34. Rb1 Ba7 35. Rxb8+ Bxb8 36. a4 Ba7 37. Bc7 f6 38. a5 Ne6 39. Bc4 Kf7 40. Bb6
Bb8 41. a6 Ke7 42. Bxe6 Kxe6 43. a7 Bxa7 44. Bxa7 Kd6 45. Kg2 c5 46. Kf2 Kc6
47. Ke3 Kb5 1-0

[Event "ODEM U25A 2012"]
[Site "Oberhof GER"]
[Date "2012.05.31"]
[Round "7"]
[White "Ospina Ocampo, Camilo"]
[Black "Tobianski, Fabian"]
[Result "0-1"]
[Termination "normal"]
[Board "19"]
[WhiteElo "1972"]
[BlackElo "1628"]
[PlyCount "66"]
[WhiteFideId "12907030"]
[BlackFideId "12952001"]
[EventCountry "GER"]
[EventRounds "9"]
[EventType "swiss"]
[EventDate "2012.05.26"]

1. e4 e6 2. d4 d5 3. Nc3 Nf6 4. e5 Nfd7 5. f4 c5 6. Nf3 Nc6 7. Be3 a6 8. Qd2 b5
9. a3 Qb6 10. Ne2 a5 11. g3 Ba6 12. Bg2 b4 13. axb4 axb4 14. O-O Na5 15. b3 c4
16. f5 cxb3 17. Rxa5 Qxa5 18. fxe6 fxe6 19. Ng5 Qb6 20. Nf7 b2 21. Nxh8 Bc4 22.
Bg5 Ra1 23. Qf4 Rxf1+ 24. Bxf1 Nxe5 25. Qxe5 b1=Q 26. Qf4 Qb7 27. Qe5 Kd7 28.
Kf2 Qxc2 29. Nf7 Qf5+ 30. Qxf5 exf5 31. Ne5+ Kc8 32. Nf4 Bxf1 33. Nc6 Qa6 0-1

[Event "ODEM U25A 2012"]
[Site "Oberhof GER"]
[Date "2012.05.31"]
[Round "7"]
[White "Reimers, Juri"]
[Black "Becker, Dirk"]
[Result "1/2-1/2"]
[Termination "normal"]
[Board "20"]
[WhiteElo "1729"]
[BlackElo "1720"]
[PlyCount "55"]
[WhiteFideId "24661511"]
[BlackFideId "12938564"]
[EventCountry "GER"]
[EventRounds "9"]
[EventType "swiss"]
[EventDate "2012.05.26"]

1. e4 d5 2. exd5 Qxd5 3. Nf3 Nf6 4. d4 c6 5. Be2 Bg4 6. O-O e6 7. c4 Qd6 8. Nc3
Be7 9. Be3 O-O 10. Qb3 Qb4 11. Qxb4 Bxb4 12. Rfd1 Rd8 13. h3 Bxf3 14. Bxf3 Nbd7
15. a3 Bxc3 16. bxc3 Nb6 17. c5 Nbd5 18. c4 Nxe3 19. fxe3 Rd7 20. Rd2 Kf8 21.
e4 Rc8 22. e5 Ng8 23. Kf2 Ne7 24. g4 Ke8 25. Ke3 Rcd8 26. a4 Rc8 27. a5 a6 28.
Rb1 1/2-1/2

[Event "ODEM U25A 2012"]
[Site "Oberhof GER"]
[Date "2012.05.31"]
[Round "7"]
[White "Scheinhütte, Jakob"]
[Black "Dietrich, Franz"]
[Result "1-0"]
[Termination "normal"]
[Board "21"]
[WhiteElo "1661"]
[BlackElo "1571"]
[PlyCount "133"]
[WhiteFideId "24693944"]
[BlackFideId "1270312"]
[EventCountry "GER"]
[EventRounds "9"]
[EventType "swiss"]
[EventDate "2012.05.26"]

1. e4 e5 2. Nf3 Nc6 3. Bb5 a6 4. Ba4 Nf6 5. O-O b5 6. Bb3 Bc5 7. Re1 d6 8. c3
O-O 9. h3 Bb7 10. Bc2 h6 11. d3 Ne7 12. Nbd2 Ng6 13. Nf1 Re8 14. Ng3 d5 15. Qe2
dxe4 16. Nxe4 Nxe4 17. dxe4 Qe7 18. Nh2 Rad8 19. Nf1 Nf4 20. Qf3 Ng6 21. Ne3
Nh4 22. Qg3 Ng6 23. Nf5 Qf6 24. h4 Ne7 25. Nxh6+ Kf8 26. Ng4 Qg6 27. Qxe5 Qxg4
28. Qxc5 Qxh4 29. Qxc7 Bc8 30. Qf4 Qxf4 31. Bxf4 Ng6 32. Bg3 Rd2 33. Rac1 Be6
34. Red1 Red8 35. Rxd2 Rxd2 36. a3 Ne7 37. Kf1 Bc4+ 38. Ke1 Rd7 39. Rd1 Rxd1+
40. Kxd1 Nc6 41. Kd2 Bf1 42. Bd6+ Ke8 43. g3 Kd7 44. Bc5 g6 45. f4 Bh3 46. Ke3
Be6 47. a4 Na5 48. axb5 axb5 49. b4 Nc4+ 50. Kd4 f5 51. Bd3 Ke8 52. exf5 gxf5
53. Ba7 Bd7 54. Bxc4 bxc4 55. Kxc4 Be6+ 56. Kc5 Kd7 57. Bb8 Kc8 58. Be5 Kb7 59.
b5 Bb3 60. Bd4 Bc2 61. c4 Be4 62. Kb4 Bf3 63. c5 Kc7 64. c6 Be4 65. Kc5 Bf3 66.
b6+ Kb8 67. Be5+ 1-0

[Event "ODEM U25A 2012"]
[Site "Oberhof GER"]
[Date "2012.05.31"]
[Round "7"]
[White "Peters, Florian"]
[Black "Wachinger, David"]
[Result "1-0"]
[Termination "normal"]
[Board "22"]
[WhiteElo "1537"]
[BlackElo "1699"]
[PlyCount "119"]
[WhiteFideId "12952028"]
[BlackFideId "24692689"]
[EventCountry "GER"]
[EventRounds "9"]
[EventType "swiss"]
[EventDate "2012.05.26"]

1. d4 Nf6 2. f3 d5 3. e4 dxe4 4. Nc3 exf3 5. Nxf3 g6 6. Bc4 Bg7 7. O-O O-O 8.
Bg5 Nbd7 9. Qe1 Nb6 10. Bb3 c6 11. Qh4 Nbd5 12. Rae1 Bf5 13. Bh6 Bg4 14. Ng5
Bh5 15. Bxg7 Kxg7 16. Nge4 Nxc3 17. bxc3 Nxe4 18. Rxe4 e6 19. Qh3 f5 20. Rxe6
Re8 21. Rfe1 Rxe6 22. Rxe6 Qg5 23. Qe3 Qxe3+ 24. Rxe3 Kf8 25. Re6 g5 26. Rf6+
Ke7 27. Rxf5 h6 28. h4 Bg4 29. Re5+ Kf6 30. hxg5+ hxg5 31. Kf2 Rc8 32. Ke3 Bf5
33. Kd2 Rh8 34. Re2 Rd8 35. Rf2 Kg6 36. Bf7+ Kxf7 37. Rxf5+ Kg6 38. g4 Rh8 39.
Re5 Rh2+ 40. Re2 Rh8 41. Kd3 Kf6 42. Kc4 Rd8 43. Kb4 Kf7 44. a4 Rd5 45. Re4 Rd8
46. c4 b6 47. c5 Rd5 48. c4 bxc5+ 49. dxc5 Rd7 50. Re5 Kf6 51. Rf5+ Kg6 52. Rf8
Rc7 53. Ka5 Re7 54. Rc8 Re4 55. Rxc6+ Kf7 56. Rc7+ Kf8 57. Rxa7 Rxg4 58. c6
Rxc4 59. c7 g4 60. Ra8+ 1-0

[Event "ODEM U25A 2012"]
[Site "Oberhof GER"]
[Date "2012.05.31"]
[Round "7"]
[White "Salz, Matthias"]
[Black "Hartmann, Jakob"]
[Result "1-0"]
[Termination "normal"]
[Board "23"]
[WhiteElo "1577"]
[BlackElo "1710"]
[PlyCount "85"]
[WhiteFideId "12943312"]
[BlackFideId "12918067"]
[EventCountry "GER"]
[EventRounds "9"]
[EventType "swiss"]
[EventDate "2012.05.26"]

1. c4 e5 2. g3 g6 3. Bg2 Bg7 4. Nc3 Ne7 5. d3 d6 6. e4 O-O 7. Nge2 f5 8. O-O
Nd7 9. exf5 Nxf5 10. b4 a5 11. b5 Nc5 12. Ba3 Ne6 13. Rb1 Rb8 14. Nd5 Nfd4 15.
Nxd4 Nxd4 16. Bb2 Be6 17. Bxd4 exd4 18. Re1 Re8 19. Qd2 b6 20. Re2 Bxd5 21.
Bxd5+ Kh8 22. Rbe1 Re5 23. Bc6 Qf6 24. f4 Rxe2 25. Qxe2 Bf8 26. Qe6 Qxe6 27.
Rxe6 Kg7 28. Re4 d5 29. Bxd5 Rd8 30. Kg2 Bc5 31. Re6 Rf8 32. Kf3 Rd8 33. Ke4
Rf8 34. h3 Rd8 35. g4 Rf8 36. f5 g5 37. Rc6 Bd6 38. Kxd4 Re8 39. Be6 Kf6 40.
Ke4 Rd8 41. d4 Bh2 42. c5 Bg1 43. Bd5+ 1-0

[Event "ODEM U25A 2012"]
[Site "Oberhof GER"]
[Date "2012.05.31"]
[Round "7"]
[White "Myagkov, Kirill"]
[Black "Klinge, Sabina"]
[Result "1-0"]
[Termination "normal"]
[Board "24"]
[WhiteElo "1861"]
[BlackElo "1447"]
[PlyCount "45"]
[WhiteFideId "24657042"]
[BlackFideId "12949590"]
[EventCountry "GER"]
[EventRounds "9"]
[EventType "swiss"]
[EventDate "2012.05.26"]

1. e4 c5 2. Nc3 Nc6 3. g3 g6 4. Bg2 Bg7 5. d3 d6 6. Be3 Bd7 7. Qd2 e6 8. Nf3
Qc7 9. h4 a6 10. h5 Nge7 11. Bh6 Bxh6 12. Qxh6 O-O-O 13. Ng5 Rdf8 14. hxg6 fxg6
15. f4 Nd4 16. O-O-O Kb8 17. Qg7 Nec6 18. Rxh7 Rxh7 19. Qxf8+ Ka7 20. Nxh7 Bc8
21. Nf6 Nb4 22. Rd2 Bd7 23. Qe7 1-0

[Event "ODEM U25A 2012"]
[Site "Oberhof GER"]
[Date "2012.05.31"]
[Round "7"]
[White "Kirn, Niklas Johann"]
[Black "Bleecke, Sebastian"]
[Result "0-1"]
[Termination "normal"]
[Board "25"]
[WhiteElo "1687"]
[BlackElo "1595"]
[PlyCount "120"]
[WhiteFideId "12910899"]
[BlackFideId "12941131"]
[EventCountry "GER"]
[EventRounds "9"]
[EventType "swiss"]
[EventDate "2012.05.26"]

1. e4 c6 2. d4 d5 3. Nc3 dxe4 4. Nxe4 Bf5 5. Ng3 Bg6 6. Nf3 Nd7 7. Bd3 e6 8.
Bxg6 hxg6 9. O-O Qc7 10. Be3 Ngf6 11. c4 Bd6 12. c5 Be7 13. Qd2 Nd5 14. Ne2
N7f6 15. Bf4 Nxf4 16. Qxf4 Qxf4 17. Nxf4 Rd8 18. Rad1 O-O 19. Rd3 Nd5 20. Nxd5
Rxd5 21. Rb3 Rb8 22. Ra3 a6 23. Rb3 Kf8 24. Re1 Bf6 25. Rb4 Ke8 26. Kf1 Kd8 27.
Re4 Kc7 28. Ke2 Rbd8 29. h4 Kb8 30. g4 g5 31. hxg5 Bxg5 32. Nxg5 Rxg5 33. Rf4
Rd7 34. Ke3 e5 35. Rf5 Rxg4 36. Rxe5 Kc7 37. f3 Rg2 38. Rb3 Kd8 39. a3 f6 40.
Re4 g5 41. Re6 f5 42. Rd6 Rxd6 43. cxd6 Kd7 44. Rxb7+ Kxd6 45. Rb6 Kd5 46. f4
g4 47. Rxa6 Rxb2 48. a4 Rb3+ 49. Ke2 Kxd4 50. Rxc6 Ra3 51. Ra6 Ke4 52. a5 Ra2+
53. Kf1 Kxf4 54. Ra8 Kf3 55. Ke1 g3 56. Rg8 Rxa5 57. Rg5 g2 58. Kd2 Kf2 59. Kd3
g1=Q 60. Rxg1 Kxg1 0-1

[Event "ODEM U25A 2012"]
[Site "Oberhof GER"]
[Date "2012.05.31"]
[Round "7"]
[White "Wastian, Jan"]
[Black "Thumm, Felix"]
[Result "1/2-1/2"]
[Termination "normal"]
[Board "26"]
[WhiteElo "1627"]
[BlackElo "1738"]
[PlyCount "52"]
[WhiteFideId "12911640"]
[BlackFideId "12902209"]
[EventCountry "GER"]
[EventRounds "9"]
[EventType "swiss"]
[EventDate "2012.05.26"]

1. e4 c5 2. c3 e6 3. d4 cxd4 4. cxd4 Qc7 5. Nf3 Nf6 6. Bd3 Nc6 7. a3 b6 8. O-O
Bb7 9. Nc3 a6 10. Re1 Ne7 11. Bg5 d5 12. Bxf6 gxf6 13. exd5 Nxd5 14. Nxd5 Bxd5
15. Be4 Qb7 16. Bxd5 Qxd5 17. Rc1 Bd6 18. Qc2 Kd7 19. Qc4 Qxc4 20. Rxc4 Rhc8
21. Rec1 Bf4 22. Rxc8 Rxc8 23. Rxc8 Kxc8 24. a4 Kd7 25. Kf1 Kc6 26. Ke2 Kd5
1/2-1/2

[Event "ODEM U25A 2012"]
[Site "Oberhof GER"]
[Date "2012.05.31"]
[Round "7"]
[White "Vergin, Marcel"]
[Black "Naundorf, Johannes"]
[Result "1-0"]
[Termination "normal"]
[Board "27"]
[WhiteElo "1565"]
[BlackElo "1494"]
[PlyCount "71"]
[BlackFideId "12950009"]
[EventCountry "GER"]
[EventRounds "9"]
[EventType "swiss"]
[EventDate "2012.05.26"]

1. d4 c5 2. e3 Nf6 3. Nf3 e6 4. Bd3 Nc6 5. c3 d5 6. Nbd2 Bd6 7. O-O O-O 8. dxc5
Bxc5 9. b4 Bd6 10. Bb2 Ne5 11. Nxe5 Bxe5 12. Qc2 Qc7 13. h3 Bd7 14. Rac1 b5 15.
e4 h6 16. Rfe1 Bd6 17. a3 dxe4 18. Nxe4 Nxe4 19. Rxe4 Be5 20. c4 Bxb2 21. Qxb2
Rac8 22. c5 a6 23. Rg4 e5 24. Rg3 f5 25. f4 Rf7 26. Qxe5 Qxe5 27. fxe5 Re7 28.
Rg6 Be6 29. Rxe6 Rxe6 30. Bxf5 Rce8 31. Bxe6+ Rxe6 32. c6 Re8 33. c7 Rc8 34.
Kf2 Kf7 35. Ke3 Ke6 36. Ke4 1-0

[Event "ODEM U25A 2012"]
[Site "Oberhof GER"]
[Date "2012.05.31"]
[Round "7"]
[White "Martin, Raphael"]
[Black "Walther, Felix"]
[Result "1-0"]
[Termination "normal"]
[Board "28"]
[WhiteElo "1511"]
[BlackElo "1586"]
[PlyCount "62"]
[WhiteFideId "12952036"]
[EventCountry "GER"]
[EventRounds "9"]
[EventType "swiss"]
[EventDate "2012.05.26"]

1. e4 c5 2. Nf3 Nc6 3. d4 cxd4 4. Nxd4 Nf6 5. Nc3 d6 6. f3 e6 7. Be3 Be7 8. Qd2
Bd7 9. O-O-O a6 10. g4 Nxd4 11. Bxd4 Bc6 12. h4 O-O 13. h5 e5 14. Be3 h6 15. g5
hxg5 16. Bxg5 Ne8 17. Be3 Kh8 18. Bh3 Bd7 19. Bf5 Nf6 20. Qg2 Rg8 21. Rdg1 Qc8
22. Bg6 Qe8 23. Bf5 Qc8 24. h6 g6 25. Bxd7 Qxd7 26. Bg5 Nh5 27. Nd5 Bxg5+ 28.
Qxg5 Rae8 29. Rxh5 gxh5 30. Qf6+ Kh7 31. Rg7+ Kh8 1-0

[Event "ODEM U25A 2012"]
[Site "Oberhof GER"]
[Date "2012.05.31"]
[Round "7"]
[White "Katz, Simon"]
[Black "Kitze, Lukas"]
[Result "0-1"]
[Termination "normal"]
[Board "29"]
[WhiteElo "1433"]
[BlackElo "1513"]
[PlyCount "84"]
[WhiteFideId "12901296"]
[BlackFideId "12932159"]
[EventCountry "GER"]
[EventRounds "9"]
[EventType "swiss"]
[EventDate "2012.05.26"]

1. e4 c5 2. Nc3 Nc6 3. d3 g6 4. Nge2 Bg7 5. g3 e6 6. Bg2 Nge7 7. Be3 Nd4 8. f4
O-O 9. O-O Rb8 10. Qd2 d6 11. Rf2 b6 12. Raf1 Bb7 13. g4 f5 14. gxf5 exf5 15.
Bxd4 cxd4 16. Nd1 Qc7 17. Ng3 Rbc8 18. exf5 Bxg2 19. Rxg2 Nxf5 20. Nxf5 Rxf5
21. Qe2 Rcf8 22. Rg4 d5 23. Qe6+ Kh8 24. Rh4 g5 25. Rh5 Rxf4 26. Rf2 Rxf2 27.
Nxf2 Qxc2 28. Qe1 Rxf2 29. Qxf2 Qd1+ 30. Kg2 Qxh5 31. Qf5 Qe2+ 32. Kg1 Qe3+ 33.
Kg2 Qd2+ 34. Kg1 Qc1+ 35. Kg2 Qxb2+ 36. Kg1 Qa1+ 37. Kg2 Qxa2+ 38. Kh3 Qc2 39.
Qxd5 Qxd3+ 40. Kg2 h6 41. Qd7 Qe4+ 42. Kf1 d3 0-1

[Event "ODEM U25A 2012"]
[Site "Oberhof GER"]
[Date "2012.05.31"]
[Round "7"]
[White "Mann, Jonas"]
[Black "Askri, Samir"]
[Result "1-0"]
[Termination "normal"]
[Board "30"]
[WhiteElo "1541"]
[BlackElo "1795"]
[PlyCount "45"]
[WhiteFideId "12900214"]
[BlackFideId "12924938"]
[EventCountry "GER"]
[EventRounds "9"]
[EventType "swiss"]
[EventDate "2012.05.26"]

1. Nc3 Nf6 2. e4 d6 3. Bc4 c5 4. f4 g6 5. Nf3 Bg7 6. O-O O-O 7. d3 a6 8. Qe1 b5
9. Bd5 Nxd5 10. Nxd5 Bb7 11. Ne3 Nc6 12. f5 Nd4 13. Nxd4 Bxd4 14. Kh1 b4 15.
Ng4 Bg7 16. Qh4 h5 17. Nh6+ Kh7 18. Nxf7 Qe8 19. fxg6+ Kxg6 20. Rf5 Kh7 21.
Rxh5+ Kg8 22. Nh6+ Bxh6 23. Bxh6 1-0

[Event "ODEM U25A 2012"]
[Site "Oberhof GER"]
[Date "2012.05.31"]
[Round "7"]
[White "Wodzinski, Kristin"]
[Black "Blumenthal, Clemens"]
[Result "0-1"]
[Termination "normal"]
[Board "31"]
[WhiteElo "1692"]
[BlackElo "1435"]
[PlyCount "80"]
[WhiteFideId "12923141"]
[BlackFideId "12938050"]
[EventCountry "GER"]
[EventRounds "9"]
[EventType "swiss"]
[EventDate "2012.05.26"]

1. d4 d5 2. Nf3 Nf6 3. c4 e6 4. Nc3 c6 5. Bg5 Be7 6. e3 Nbd7 7. Bd3 dxc4 8.
Bxc4 b5 9. Bd3 a6 10. O-O O-O 11. Rc1 Qb6 12. Ne4 Rd8 13. Rc2 h6 14. Bh4 Bb7
15. a3 c5 16. Qc1 c4 17. Nxf6+ Nxf6 18. Be2 Be4 19. Rc3 Qb7 20. Qa1 Qd5 21. Qa2
g5 22. Bg3 h5 23. Ne1 h4 24. Be5 h3 25. f3 Bg6 26. e4 Qd7 27. b3 Nh5 28. bxc4
f6 29. Bxf6 Bxf6 30. Rd3 Nf4 31. Rd1 Bxd4+ 32. Kh1 hxg2+ 33. Nxg2 e5 34. cxb5+
Kg7 35. bxa6 Qh3 36. Nxf4 gxf4 37. Qc4 Rac8 38. Qb4 Rh8 39. Qe7+ Kh6 40. Bb5
Rc2 0-1

[Event "ODEM U25A 2012"]
[Site "Oberhof GER"]
[Date "2012.06.01"]
[Round "8"]
[White "Zimmermann, Christian"]
[Black "Figura, Atila Gajo"]
[Result "0-1"]
[Termination "normal"]
[Board "1"]
[BlackTitle "FM"]
[WhiteElo "1878"]
[BlackElo "2351"]
[PlyCount "66"]
[WhiteFideId "24692069"]
[BlackFideId "4688058"]
[EventCountry "GER"]
[EventRounds "9"]
[EventType "swiss"]
[EventDate "2012.05.26"]

1. e4 c6 2. d4 d5 3. exd5 cxd5 4. c4 Nf6 5. Nc3 e6 6. Nf3 Bb4 7. a3 Bxc3+ 8.
bxc3 dxc4 9. Bxc4 Qc7 10. Qd3 O-O 11. O-O Nbd7 12. Re1 b6 13. Bd2 Bb7 14. Ba2
Rac8 15. Rac1 Rfe8 16. Ne5 Nxe5 17. Rxe5 g6 18. f4 Qd6 19. a4 Qc6 20. Qh3 Ne4
21. Be1 Qxa4 22. Bb1 Nd6 23. Bh4 Qa3 24. Ree1 f5 25. Bf6 Rf8 26. Be5 Nc4 27.
Rc2 Nxe5 28. Rxe5 Qb3 29. Rc1 Qb2 30. Ree1 Bd5 31. Rc2 Qa3 32. Rcc1 Rf7 33. Bd3
Rxc3 0-1

[Event "ODEM U25A 2012"]
[Site "Oberhof GER"]
[Date "2012.06.01"]
[Round "8"]
[White "Wurm, Alexander"]
[Black "Nötzel, Felix"]
[Result "0-1"]
[Termination "normal"]
[Board "2"]
[WhiteElo "2059"]
[BlackElo "2106"]
[PlyCount "100"]
[WhiteFideId "24637246"]
[BlackFideId "24637416"]
[EventCountry "GER"]
[EventRounds "9"]
[EventType "swiss"]
[EventDate "2012.05.26"]

1. d4 d5 2. c4 e6 3. Nc3 c6 4. e3 f5 5. Bd3 Nf6 6. Nge2 Bd6 7. f3 O-O 8. O-O
Na6 9. e4 fxe4 10. fxe4 dxe4 11. Bb1 c5 12. d5 exd5 13. Nxd5 Be6 14. Nxf6+ Rxf6
15. Rxf6 Bxh2+ 16. Kxh2 Qxd1 17. Rxe6 Qxe2 18. Bxe4 Qxc4 19. Re7 Qd4 20. Bf4
Qf6 21. Bd5+ Kh8 22. Rf7 Qh4+ 23. Kg1 Qh5 24. Be6 Re8 25. Rf1 h6 26. Rf5 Qg6
27. Bf7 Qxf5 28. Bxe8 Qe6 29. Bh5 Nb4 30. a3 Nd5 31. Bc1 Nf6 32. Bg6 Qg4 33.
Bc2 Qd4+ 34. Kh1 Kg8 35. Rf4 Qe5 36. Bb3+ Kf8 37. Rf1 c4 38. Bd1 Kg8 39. Bf3
Ne4 40. Kg1 Ng3 41. Rd1 Ne2+ 42. Kh1 Nxc1 43. Rxc1 b5 44. Rc2 Qe1+ 45. Kh2 g5
46. Re2 Qh4+ 47. Kg1 g4 48. Re4 h5 49. a4 Qf6 50. Be2 g3 0-1

[Event "ODEM U25A 2012"]
[Site "Oberhof GER"]
[Date "2012.06.01"]
[Round "8"]
[White "Ott, Florian"]
[Black "Kieslich, Aaron"]
[Result "1/2-1/2"]
[Termination "normal"]
[Board "3"]
[WhiteElo "1976"]
[BlackElo "1979"]
[PlyCount "66"]
[WhiteFideId "12900281"]
[BlackFideId "1270391"]
[EventCountry "GER"]
[EventRounds "9"]
[EventType "swiss"]
[EventDate "2012.05.26"]

1. d4 Nf6 2. c4 e6 3. g3 d5 4. Bg2 dxc4 5. Nf3 a6 6. Ne5 c5 7. Na3 Ra7 8. Qa4+
Bd7 9. Nxd7 Qxd7 10. Qxd7+ Nbxd7 11. dxc5 Bxc5 12. Nxc4 O-O 13. O-O Rc8 14. Be3
Bxe3 15. Nxe3 b5 16. Rfc1 Rac7 17. Rxc7 Rxc7 18. b4 Kf8 19. Kf1 Nb6 20. Ke1 Ke7
21. a3 Kd6 22. Rd1+ Ke7 23. Rd3 Ne8 24. Rd2 Rc3 25. Rd3 Rc7 26. Rd2 Nd6 27. Rc2
Ndc4 28. Nxc4 Nxc4 29. e3 Kd6 30. Rc3 Ke5 31. Bf1 Kd5 32. Bg2+ Kd6 33. Bf1 Kd5
1/2-1/2